Database: Principles, programming, performance
Đã lưu trong:
| 主要作者: | |
|---|---|
| 格式: | 圖書 |
| 語言: | Undetermined |
| 出版: |
San Francisco, California
Morgan Kaufmann
1994
|
| 主題: | |
| 標簽: |
添加標簽
沒有標簽, 成為第一個標記此記錄!
|
| Thư viện lưu trữ: | Trung tâm Học liệu Trường Đại học Cần Thơ |
|---|
| LEADER | 00539nam a2200193Ia 4500 | ||
|---|---|---|---|
| 001 | CTU_32743 | ||
| 008 | 210402s9999 xx 000 0 und d | ||
| 020 | |b 725.000đ | ||
| 082 | |a 005.74 | ||
| 082 | |b O.58 | ||
| 100 | |a Patrick O'Neil | ||
| 245 | 0 | |a Database: Principles, programming, performance | |
| 245 | 0 | |c Patrick O'Neil | |
| 260 | |a San Francisco, California | ||
| 260 | |b Morgan Kaufmann | ||
| 260 | |c 1994 | ||
| 650 | |a database management | ||
| 904 | |i Minh, 990817 | ||
| 980 | |a Trung tâm Học liệu Trường Đại học Cần Thơ | ||